Welcome to CU Library Online Public Access Catalogue (OPAC)

Bodies of law / (Record no. 3351)

MARC details
000 -LEADER
fixed length control field 00829cam a2200241 a 4500
001 - CONTROL NUMBER
control field 3055124
005 - DATE AND TIME OF LATEST TRANSACTION
control field 20250201160029.0
008 - FIXED-LENGTH DATA ELEMENTS--GENERAL INFORMATION
fixed length control field 961113s1997 nju b 001 0 eng
020 ## - INTERNATIONAL STANDARD BOOK NUMBER
International Standard Book Number 0691012296 (CL : alk. paper)
020 ## - INTERNATIONAL STANDARD BOOK NUMBER
International Standard Book Number 0691012288 (PB : alk. paper)
050 00 - LIBRARY OF CONGRESS CALL NUMBER
Classification number K564.H8
Item number H93 1997
082 00 - DEWEY DECIMAL CLASSIFICATION NUMBER
Classification number 340/.1
Edition information 21
100 1# - MAIN ENTRY--PERSONAL NAME
Personal name Hyde, Alan,
Dates associated with a name 1951-
245 10 - TITLE STATEMENT
Title Bodies of law /
Statement of responsibility, etc. Alan Hyde.
260 ## - PUBLICATION, DISTRIBUTION, ETC.
Place of publication, distribution, etc. Princeton, N.J. :
Name of publisher, distributor, etc. Princeton University Press,
Date of publication, distribution, etc. c1997.
300 ## - PHYSICAL DESCRIPTION
Extent xii, 278 p. ;
Dimensions 25 cm.
650 #0 - SUBJECT ADDED ENTRY--TOPICAL TERM
Topical term or geographic name entry element Human body
General subdivision Law and legislation.
650 #0 - SUBJECT ADDED ENTRY--TOPICAL TERM
Topical term or geographic name entry element Law
General subdivision Philosophy.
650 #0 - SUBJECT ADDED ENTRY--TOPICAL TERM
Topical term or geographic name entry element Critical legal studies.
856 41 - ELECTRONIC LOCATION AND ACCESS
Materials specified Table of contents
Uniform Resource Identifier <a href="http://www.loc.gov/catdir/toc/prin031/96050187.html">http://www.loc.gov/catdir/toc/prin031/96050187.html</a>
856 42 - ELECTRONIC LOCATION AND ACCESS
Materials specified Publisher description
Uniform Resource Identifier <a href="http://www.loc.gov/catdir/description/prin021/96050187.html">http://www.loc.gov/catdir/description/prin021/96050187.html</a>
942 ## - ADDED ENTRY ELEMENTS (KOHA)
Source of classification or shelving scheme Library of Congress Classification
Koha item type Books
Suppress in OPAC No
999 ## -
-- 3351
-- 3351
Holdings
Withdrawn status Lost status Source of classification or shelving scheme Damaged status Not for loan Collection Home library Current library Shelving location Date acquired Total checkouts Full call number Barcode Date last seen Price effective from Koha item type
    Library of Congress Classification     Non-fiction Law Library (Kumasi) Law Library (Kumasi) General stacks 02/01/2025   K564.H8H93 HYD llk00000029 02/01/2025 02/01/2025 Books
© 2023-2024 Copyright: Central University Libraries. All Rights Reserved | Created by: Mahone Tech Office